000 00319nam a22001337a 4500
008 170413b xxu||||| |||| 00| 0 eng d
020 _a0443065721
041 _aeng
080 _24 ED
_a619
100 _a10
101 _aSHM
245 _aOBSTETRICS NORMAL AND PROBLEM PREGNACIES
_cGABBE.S.G
942 _2udc
_cBK
999 _c10625
_d10625